[Event "XLVI C.to Italiano"]
[Site "Cesenatico ITA"]
[Date "1986.06.??"]
[Round "6"]
[White "Belotti, Bruno"]
[Black "Lanzani, Mario"]
[Result "1/2-1/2"]
[WhiteElo "2355"]
[BlackElo "2250"]
[PlyCount "82"]
[EventDate "1986.06.15"]

1. d4 Nf6 2. c4 e6 3. Nf3 d5 4. Nc3 Be7 5. Bg5 O-O 6. e3 Nbd7 7. cxd5 exd5 8.
Bd3 c6 9. Qc2 Re8 10. O-O Nf8 11. Bxf6 Bxf6 12. b4 a6 13. a4 Bg4 14. Nd2 Qd6
15. a5 Bh5 16. Nb3 Bg6 17. Nc5 Rab8 18. N3a4 Bd8 19. Bxg6 Qxg6 20. Qxg6 hxg6
21. Rfe1 Ne6 22. Nxe6 Rxe6 23. Nc5 Re8 24. Kf1 Be7 25. Ke2 Bd6 26. Kd3 Re7 27.
h4 f6 28. Rh1 Kf7 29. h5 Ree8 30. h6 Rh8 31. hxg7 Rxh1 32. Rxh1 Kxg7 33. g4
Bxc5 34. bxc5 Re8 35. f3 f5 36. gxf5 gxf5 37. Rh4 Kg6 38. Rh2 Kg7 39. Rb2 Re7
40. Ke2 f4 41. Rb3 Kf6 1/2-1/2

[Event "XLVI C.to Italiano"]
[Site "Cesenatico ITA"]
[Date "1986.06.??"]
[Round "6"]
[White "Braga, Fernando Alberto"]
[Black "Bellia, Fabrizio"]
[Result "1/2-1/2"]
[WhiteElo "2470"]
[BlackElo "2230"]
[PlyCount "57"]
[EventDate "1986.06.15"]

1. e4 e5 2. Nf3 Nc6 3. Bc4 Nf6 4. d3 Be7 5. O-O d6 6. c3 O-O 7. Nbd2 h6 8. Bb3
Re8 9. Re1 Bf8 10. Nf1 g6 11. Ng3 Bg7 12. h3 Be6 13. Bxe6 Rxe6 14. d4 Re8 15.
d5 Ne7 16. Nh2 Kh7 17. h4 h5 18. Nf3 Kg8 19. c4 c6 20. dxc6 bxc6 21. b3 Ng4 22.
Bb2 Qb6 23. Qc2 Rad8 24. Rad1 Qb8 25. Ng5 Qc8 26. Nf3 f6 27. c5 d5 28. exd5
cxd5 29. b4 1/2-1/2

[Event "XLVI C.to Italiano"]
[Site "Cesenatico ITA"]
[Date "1986.06.??"]
[Round "6"]
[White "De Eccher, Stefano"]
[Black "Martorelli, Antonio"]
[Result "0-1"]
[WhiteElo "2325"]
[BlackElo "2305"]
[PlyCount "86"]
[EventDate "1986.06.15"]

1. c4 e5 2. Nc3 Nf6 3. Nf3 Nc6 4. a3 g6 5. e3 Bg7 6. Qc2 O-O 7. Be2 d6 8. O-O
Nh5 9. b4 f5 10. b5 Ne7 11. d4 e4 12. Nd2 Kh8 13. Bb2 c6 14. bxc6 bxc6 15. d5
Rb8 16. Rab1 cxd5 17. Nxd5 Rxb2 18. Rxb2 Nxd5 19. cxd5 Bxb2 20. Qxb2+ Nf6 21.
Bb5 Kg8 22. Bc6 Ba6 23. Rc1 Ng4 24. h3 Ne5 25. Qd4 Nd3 26. Rb1 Qh4 27. g3 Qe7
28. Qa4 Nc5 29. Qb4 Bd3 30. Rc1 Qc7 31. Nc4 Rb8 32. Qa5 Qe7 33. Qc3 Rb3 34. Qd4
Bxc4 35. Rxc4 Rxa3 36. Rxc5 Rd3 37. Qc4 dxc5 38. d6+ Qf7 39. Qxc5 Kg7 40. Qe5+
Kh6 41. Qf4+ Kg7 42. Qe5+ Kh6 43. Be8 Qd5 0-1

[Event "XLVI C.to Italiano"]
[Site "Cesenatico ITA"]
[Date "1986.06.??"]
[Round "6"]
[White "Sanna, Gianlazzaro"]
[Black "Messa, Roberto"]
[Result "1-0"]
[WhiteElo "2380"]
[BlackElo "2410"]
[PlyCount "80"]
[EventDate "1986.06.15"]

1. d4 Nf6 2. c4 c5 3. d5 e6 4. Nc3 exd5 5. cxd5 d6 6. Nf3 g6 7. Bf4 Bg7 8. Qa4+
Bd7 9. Qb3 Qc7 10. h3 O-O 11. e3 a6 12. a4 h6 13. Nd2 g5 14. Bh2 Bf5 15. Nc4
Rd8 16. Qb6 Qxb6 17. Nxb6 Ra7 18. a5 Ne8 19. f3 Nd7 20. e4 Bg6 21. Nc4 Nf8 22.
g4 Raa8 23. Nb6 Rab8 24. Ra3 Nd7 25. Nc4 Bf8 26. h4 f6 27. hxg5 hxg5 28. Be2
Ne5 29. Nb6 Nc7 30. Rb3 Be8 31. Kf2 Ng6 32. Rc1 Be7 33. Rh1 Bf8 34. Rc1 Be7 35.
Bg3 Kg7 36. Nd1 Bb5 37. Rxc5 Bxe2 38. Kxe2 Nb5 39. Rc4 Nf4+ 40. Ke3 Kg6 1-0

[Event "XLVI C.to Italiano"]
[Site "Cesenatico ITA"]
[Date "1986.06.??"]
[Round "6"]
[White "Tatai, Stefano"]
[Black "Bellini, Fabio"]
[Result "1/2-1/2"]
[WhiteElo "2405"]
[BlackElo "2380"]
[PlyCount "79"]
[EventDate "1986.06.15"]

1. d4 d5 2. c4 e6 3. Nc3 Be7 4. Nf3 Nf6 5. Bg5 O-O 6. e3 Nbd7 7. Rc1 c6 8. Bd3
dxc4 9. Bxc4 Nd5 10. Bxe7 Qxe7 11. Ne4 N5f6 12. Nxf6+ Qxf6 13. O-O b6 14. Qc2
Bb7 15. Bd3 g6 16. Be4 Qe7 17. Qa4 Rfc8 18. Nd2 Qd6 19. Nc4 Qe7 20. Qa3 Qxa3
21. bxa3 Ba6 22. Rfd1 Rc7 23. Nd6 Rd8 24. Bd3 Bxd3 25. Rxd3 Nb8 26. Nc4 c5 27.
Ne5 Na6 28. Kf1 f6 29. dxc5 Rxd3 30. Nxd3 Nxc5 31. Ke2 Kf7 32. Rc4 e5 33. Nxc5
Rxc5 34. Rxc5 bxc5 35. Kd3 Ke6 36. Kc4 Kd6 37. e4 Kc6 38. g4 g5 39. a4 a6 40.
a5 1/2-1/2

[Event "XLVI C.to Italiano"]
[Site "Cesenatico ITA"]
[Date "1986.06.??"]
[Round "6"]
[White "Zichichi, Alvise"]
[Black "Sibilio, Mario"]
[Result "1/2-1/2"]
[WhiteElo "2405"]
[BlackElo "2305"]
[PlyCount "23"]
[EventDate "1986.06.15"]

1. d4 c5 2. e4 cxd4 3. Nf3 Nc6 4. Nxd4 Nf6 5. Nc3 d6 6. Bg5 Qb6 7. Nb3 e6 8.
Be2 Be7 9. Be3 Qc7 10. O-O a6 11. a4 b6 12. f4 1/2-1/2

[Event "XLVI C.to Italiano"]
[Site "Cesenatico ITA"]
[Date "1986.06.??"]
[Round "7"]
[White "Bellia, Fabrizio"]
[Black "Belotti, Bruno"]
[Result "1/2-1/2"]
[WhiteElo "2230"]
[BlackElo "2355"]
[PlyCount "29"]
[EventDate "1986.06.15"]

1. e4 e5 2. Nf3 Nc6 3. Bb5 a6 4. Ba4 Nf6 5. O-O Be7 6. Re1 b5 7. Bb3 O-O 8. h3
Bb7 9. d3 h6 10. Nc3 d6 11. a4 Na5 12. Ba2 b4 13. Ne2 Rb8 14. Ng3 Re8 15. Nf5
1/2-1/2

[Event "XLVI C.to Italiano"]
[Site "Cesenatico ITA"]
[Date "1986.06.??"]
[Round "7"]
[White "Lanzani, Mario"]
[Black "Arlandi, Ennio"]
[Result "1/2-1/2"]
[WhiteElo "2250"]
[BlackElo "2360"]
[PlyCount "72"]
[EventDate "1986.06.15"]

1. e4 e5 2. Bc4 Nc6 3. Nf3 Bc5 4. O-O Nf6 5. d4 Bxd4 6. Nxd4 Nxd4 7. f4 d6 8.
fxe5 dxe5 9. Bg5 Qe7 10. Bxf6 gxf6 11. c3 Ne6 12. Nd2 Rg8 13. Kh1 Bd7 14. Qf3
Rg6 15. Qf2 Nf4 16. g3 Nh3 17. Qe3 b6 18. a4 Rd8 19. Nf3 Rg4 20. Qh6 Rxe4 21.
Bd5 Re2 22. Qxh7 Nf2+ 23. Rxf2 Rxf2 24. Qh8+ Qf8 25. Qxf6 Bxa4 26. Bc6+ Bxc6
27. Qxc6+ Rd7 28. Rd1 Qe7 29. Nxe5 Qxe5 30. Qxd7+ Kf8 31. Qc8+ Kg7 32. Qg4+ Kf6
33. Qh4+ Kg6 34. Qg4+ Kf6 35. Qh4+ Kg6 36. Qg4+ Kf6 1/2-1/2

[Event "XLVI C.to Italiano"]
[Site "Cesenatico ITA"]
[Date "1986.06.??"]
[Round "7"]
[White "Martorelli, Antonio"]
[Black "Sanna, Gianlazzaro"]
[Result "0-1"]
[WhiteElo "2305"]
[BlackElo "2380"]
[PlyCount "94"]
[EventDate "1986.06.15"]

1. e4 c5 2. Nf3 Nc6 3. d4 cxd4 4. Nxd4 Nf6 5. Nc3 d6 6. f4 e5 7. Nf3 Be7 8. Bc4
O-O 9. f5 Qb6 10. Qe2 Nd4 11. Nxd4 exd4 12. Nd5 Nxd5 13. Bxd5 Bh4+ 14. Kd1 Bd7
15. Qh5 Bf6 16. Rf1 Bc6 17. Rf3 Bxd5 18. Rh3 Rfe8 19. exd5 Qb5 20. Qxh7+ Kf8
21. Rd3 Qxd5 22. Bf4 Be5 23. f6 Bxf6 24. c4 Qe6 25. Qh8+ Ke7 26. Qh3 Qxh3 27.
Rxh3 Kd7 28. Kd2 Re4 29. Rf1 Rae8 30. Rf2 Rxf4 31. Rxf4 Bg5 32. Rhf3 Re4 33. g3
Bxf4+ 34. gxf4 Ke6 35. f5+ Kf6 36. b4 Re5 37. b5 a5 38. Kd3 Re3+ 39. Rxe3 dxe3
40. Kxe3 Kxf5 41. Kd4 Ke6 42. h4 b6 43. h5 a4 44. Kc3 Ke5 45. Kb4 Kd4 46. Kxa4
Kxc4 47. a3 Kc5 0-1

[Event "XLVI C.to Italiano"]
[Site "Cesenatico ITA"]
[Date "1986.06.??"]
[Round "7"]
[White "Messa, Roberto"]
[Black "Tatai, Stefano"]
[Result "1/2-1/2"]
[WhiteElo "2410"]
[BlackElo "2405"]
[PlyCount "30"]
[EventDate "1986.06.15"]

1. e4 c5 2. Nf3 d6 3. d4 cxd4 4. Nxd4 Nf6 5. Nc3 a6 6. Be3 e6 7. Qd2 b5 8. f3
Bb7 9. O-O-O Nbd7 10. g4 Nb6 11. Qf2 Nfd7 12. h4 Rc8 13. Bd3 Nc4 14. f4 Qa5 15.
Nb3 Qc7 1/2-1/2

[Event "XLVI C.to Italiano"]
[Site "Cesenatico ITA"]
[Date "1986.06.??"]
[Round "7"]
[White "Sarno, Spartaco"]
[Black "Zichichi, Alvise"]
[Result "1-0"]
[WhiteElo "2400"]
[BlackElo "2405"]
[PlyCount "43"]
[EventDate "1986.06.15"]

1. d4 Nf6 2. c4 d6 3. Nc3 e5 4. Nf3 Nbd7 5. Bg5 Be7 6. e3 c6 7. Qc2 Ng4 8. Bxe7
Qxe7 9. O-O-O Ngf6 10. g4 Nxg4 11. Rg1 Ndf6 12. h3 Nh6 13. dxe5 dxe5 14. Rg5
O-O 15. Bd3 e4 16. Nxe4 Nxe4 17. Bxe4 f5 18. Bd3 Nf7 19. Rg3 Ne5 20. Nd4 c5 21.
Ne2 Be6 22. Nf4 1-0

[Event "XLVI C.to Italiano"]
[Site "Cesenatico ITA"]
[Date "1986.06.??"]
[Round "8"]
[White "Bellia, Fabrizio"]
[Black "Bellini, Fabio"]
[Result "1-0"]
[WhiteElo "2230"]
[BlackElo "2380"]
[PlyCount "85"]
[EventDate "1986.06.15"]

1. e4 c5 2. Nf3 e6 3. d4 cxd4 4. Nxd4 Nf6 5. Nc3 d6 6. Be2 Be7 7. O-O O-O 8.
Kh1 Nc6 9. f4 Qc7 10. Be3 Nxd4 11. Bxd4 e5 12. Be3 exf4 13. Rxf4 Be6 14. Qd2 a6
15. Raf1 Qd8 16. a4 Nd7 17. R4f2 Ne5 18. Nd5 Rc8 19. b3 Re8 20. c4 f6 21. Rd1
Rc6 22. h3 Bf8 23. Bh5 Ng6 24. Bxg6 hxg6 25. Bd4 Bf7 26. Rdf1 Re6 27. Qd3 g5
28. Bb2 Bg6 29. Qg3 Be7 30. Nf4 Bf7 31. Nxe6 Bxe6 32. Qd3 Qa5 33. Rd1 Qb4 34.
Ra1 b5 35. axb5 axb5 36. Ra8+ Kf7 37. cxb5 Rb6 38. Ba3 Qxb3 39. Qxb3 Bxb3 40.
Ra7 Bc4 41. e5 Ke8 42. Rc2 Bd5 43. exd6 1-0

[Event "XLVI C.to Italiano"]
[Site "Cesenatico ITA"]
[Date "1986.06.??"]
[Round "8"]
[White "Belotti, Bruno"]
[Black "Arlandi, Ennio"]
[Result "1-0"]
[WhiteElo "2355"]
[BlackElo "2360"]
[PlyCount "58"]
[EventDate "1986.06.15"]

1. d4 Nf6 2. c4 e6 3. Nf3 d5 4. Nc3 Be7 5. Bg5 O-O 6. e3 Nbd7 7. cxd5 exd5 8.
Bd3 Re8 9. O-O c6 10. Qc2 Nf8 11. Rae1 g6 12. Ne5 Ne6 13. f4 Rf8 14. Bh6 Ng7
15. f5 Nfe8 16. Rf3 f6 17. fxg6 fxe5 18. gxh7+ Kh8 19. Rxf8+ Bxf8 20. Rf1 Nc7
21. Qf2 Be6 22. dxe5 Na6 23. Ne2 Nc5 24. Bg6 Nd7 25. Nd4 Qe7 26. Qf4 Nh5 27.
Bxh5 Qxh7 28. Bg5 Qxh5 29. Nxe6 Re8 1-0

[Event "XLVI C.to Italiano"]
[Site "Cesenatico ITA"]
[Date "1986.06.??"]
[Round "8"]
[White "Braga, Fernando Alberto"]
[Black "Messa, Roberto"]
[Result "1-0"]
[WhiteElo "2470"]
[BlackElo "2410"]
[PlyCount "83"]
[EventDate "1986.06.15"]

1. e4 e6 2. d4 d5 3. Nc3 Bb4 4. exd5 exd5 5. Bd3 Nc6 6. a3 Be7 7. Bf4 Be6 8.
Nf3 g5 9. Be5 Nxe5 10. Nxe5 Nf6 11. Qe2 Nd7 12. Bb5 c6 13. Bxc6 bxc6 14. Nxc6
Qc8 15. Nxe7 Kxe7 16. Nxd5+ Kf8 17. Ne3 Nb6 18. O-O Rg8 19. Rfd1 Nd5 20. Rac1
Nf4 21. Qd2 Rg6 22. d5 Bg4 23. Nxg4 Qxg4 24. f3 Qf5 25. g3 Nh3+ 26. Kg2 Rd8 27.
Qb4+ Rdd6 28. Qe4 Qd7 29. c4 Rh6 30. Rc2 Rdg6 31. c5 g4 32. f4 Re6 33. Qd4 Ref6
34. c6 Qf5 35. Rcd2 Qh5 36. Kh1 Nxf4 37. c7 Qf5 38. Qxf4 Qd7 39. Qc4 Qc8 40. d6
Qb7+ 41. Qd5 Qa6 42. Qa8+ 1-0

[Event "XLVI C.to Italiano"]
[Site "Cesenatico ITA"]
[Date "1986.06.??"]
[Round "8"]
[White "De Eccher, Stefano"]
[Black "Sarno, Spartaco"]
[Result "1/2-1/2"]
[WhiteElo "2325"]
[BlackElo "2400"]
[PlyCount "69"]
[EventDate "1986.06.15"]

1. c4 g6 2. g3 Bg7 3. Bg2 e5 4. e4 Nc6 5. Nc3 Nge7 6. Nge2 d6 7. d3 Be6 8. O-O
Qd7 9. Nd5 O-O 10. Be3 f5 11. Qd2 Rf7 12. f3 Raf8 13. Rac1 Nc8 14. b3 Nd8 15.
Ndc3 c5 16. Nd5 Nc6 17. a3 b6 18. b4 fxe4 19. fxe4 Nd4 20. Nxd4 cxd4 21. Bg5
Rxf1+ 22. Rxf1 Rxf1+ 23. Bxf1 Bxd5 24. cxd5 Bf8 25. h4 Be7 26. Bh6 Bf8 27. Bxf8
Kxf8 28. Kh2 Kg7 29. Qc1 Ne7 30. Bh3 Qd8 31. Qf1 Ng8 32. Be6 Qf6 33. Qc1 Qf2+
34. Kh3 Nf6 35. Qc7+ 1/2-1/2

[Event "XLVI C.to Italiano"]
[Site "Cesenatico ITA"]
[Date "1986.06.??"]
[Round "8"]
[White "Tatai, Stefano"]
[Black "Martorelli, Antonio"]
[Result "1-0"]
[WhiteElo "2405"]
[BlackElo "2305"]
[PlyCount "147"]
[EventDate "1986.06.15"]

1. d4 Nf6 2. c4 g6 3. Nc3 Bg7 4. e4 d6 5. f3 c5 6. d5 e6 7. Bg5 exd5 8. cxd5 h6
9. Be3 a6 10. a4 b6 11. Nge2 Nbd7 12. Nc1 Qe7 13. Be2 Ne5 14. O-O O-O 15. Nd3
Nh5 16. g4 Nf6 17. Nf2 Nh7 18. Qd2 f5 19. Bxh6 Bxh6 20. Qxh6 f4 21. Nd3 g5 22.
Rf2 Rf6 23. Qh3 Nf8 24. Nxe5 Qxe5 25. Qf1 Rh6 26. Qd1 Ra7 27. Bf1 Rah7 28. Rc1
Nd7 29. Nb1 Qh8 30. Rcc2 Ne5 31. Na3 Rh4 32. Nc4 Nxc4 33. Bxc4 Qe5 34. Bf1 Bd7
35. b3 b5 36. axb5 axb5 37. Ra2 Kf7 38. Qa1 Kf6 39. Qxe5+ Kxe5 40. Ra5 b4 41.
Rd2 Rh8 42. h3 R4h7 43. Kf2 Rb8 44. Ra7 Rbh8 45. Ke1 Re7 46. Rda2 Rhh7 47. Kd2
Kd4 48. R7a6 Rh6 49. Rb6 Reh7 50. Rc2 Bc8 51. Rb8 Rc7 52. Ra2 Rhh7 53. Raa8 Bb7
54. Ra7 Bc8 55. Rxc7 Rxc7 56. Ra8 Bd7 57. Ba6 Ke5 58. Kd3 Kf6 59. Kc4 Ke5 60.
Rd8 Ra7 61. Bc8 Bxc8 62. Rxc8 Ra1 63. Re8+ Kf6 64. Re6+ Kg7 65. Rxd6 Rc1+ 66.
Kb5 Rc3 67. e5 Rxf3 68. Rd7+ Kg6 69. e6 Rxb3 70. Kxc5 Rb1 71. Rd8 f3 72. e7 Re1
73. e8=Q+ Rxe8 74. Rxe8 1-0

[Event "XLVI C.to Italiano"]
[Site "Cesenatico ITA"]
[Date "1986.06.??"]
[Round "9"]
[White "Martorelli, Antonio"]
[Black "Braga, Fernando Alberto"]
[Result "1/2-1/2"]
[WhiteElo "2305"]
[BlackElo "2470"]
[PlyCount "35"]
[EventDate "1986.06.15"]

1. e4 e6 2. d4 d5 3. Nd2 Nf6 4. e5 Nfd7 5. Bd3 c5 6. c3 Nc6 7. Ne2 cxd4 8. cxd4
f6 9. exf6 Nxf6 10. Nf3 Bd6 11. O-O O-O 12. Nc3 Qb6 13. Re1 Kh8 14. Be3 Bd7 15.
a3 Be8 16. Ng5 Bh5 17. Qb1 Nxd4 18. Bxh7 1/2-1/2

[Event "XLVI C.to Italiano"]
[Site "Cesenatico ITA"]
[Date "1986.06.??"]
[Round "9"]
[White "Messa, Roberto"]
[Black "Bellia, Fabrizio"]
[Result "1-0"]
[WhiteElo "2410"]
[BlackElo "2230"]
[PlyCount "145"]
[EventDate "1986.06.15"]

1. e4 e5 2. Nf3 Nc6 3. Bb5 a6 4. Ba4 Nf6 5. O-O Be7 6. Bxc6 dxc6 7. d3 Nd7 8.
Nbd2 O-O 9. Nc4 f6 10. Nh4 Nc5 11. Qf3 Ne6 12. Nf5 Nd4 13. Nxd4 exd4 14. Bf4
Be6 15. Qg3 Rc8 16. Rfe1 Qd7 17. a4 b6 18. Nd2 c5 19. b3 Kh8 20. e5 f5 21. Nf3
c6 22. h4 b5 23. Bg5 h6 24. Bxe7 Qxe7 25. Qf4 b4 26. Re2 Qe8 27. Rae1 Qh5 28.
Nd2 Kg8 29. Qh2 Rc7 30. f4 g6 31. Nf1 Qg4 32. Qg3 Qh5 33. Nh2 Rg7 34. Nf3 Kf7
35. Kf2 Rfg8 36. Qh3 Ke7 37. Rh1 Kf7 38. Ree1 Ke7 39. Qg3 a5 40. Rh3 Kd7 41.
Nh2 Ke7 42. Kf1 Bd5 43. Qf2 Rf8 44. Qd2 Ke6 45. Kf2 Kd7 46. Rh1 Kc7 47. Nf1
Rfg8 48. R1h2 Kd7 49. Rg3 Rh7 50. Rhh3 Rgh8 51. Ke1 Rg8 52. Qf2 Ke6 53. Kd2 Rb8
54. Rh2 Rg8 55. Rgh3 Kd7 56. Ng3 Qg4 57. Ne2 Rhg7 58. Kc1 Qh5 59. Kb2 Ke6 60.
Qe1 Kd7 61. Qf2 Ke6 62. g4 fxg4 63. Ng3 gxh3 64. Nxh5 gxh5 65. f5+ Kxe5 66.
Qe2+ Kxf5 67. Qxh5+ Ke6 68. Rxh3 Rg6 69. Rh2 Bg2 70. Qxc5 Rg4 71. Qxa5 Kd6 72.
Qxb4+ c5 73. Qb6+ 1-0

[Event "XLVI C.to Italiano"]
[Site "Cesenatico ITA"]
[Date "1986.06.??"]
[Round "9"]
[White "Sarno, Spartaco"]
[Black "Sanna, Gianlazzaro"]
[Result "1/2-1/2"]
[WhiteElo "2400"]
[BlackElo "2380"]
[PlyCount "82"]
[EventDate "1986.06.15"]

1. d4 d5 2. c4 e6 3. Nc3 Nf6 4. Bg5 Be7 5. e3 h6 6. Bxf6 Bxf6 7. Nf3 O-O 8. Qd2
dxc4 9. Bxc4 Nd7 10. O-O c5 11. Rfd1 cxd4 12. Nxd4 Nb6 13. Be2 Bd7 14. Bf3 Rb8
15. Qe2 Qe7 16. a4 Rfc8 17. Ndb5 Bxc3 18. Nxc3 Bc6 19. Bxc6 bxc6 20. e4 a5 21.
b3 Nd7 22. Rab1 Nc5 23. Qc2 Rb4 24. e5 Rcb8 25. Na2 R4b7 26. Rd6 Nxa4 27. b4
Nb6 28. bxa5 Nd5 29. Rxb7 Qxb7 30. Rxc6 Qb1+ 31. Nc1 Qxc2 32. Rxc2 Rb1 33. g3
Ra1 34. Rc5 Nb4 35. Kg2 Na6 36. Rc8+ Kh7 37. Nb3 Ra3 38. Rc3 Kg6 39. Rf3 Nb4
40. Rc3 Nd5 41. Rf3 Nb4 1/2-1/2

[Event "XLVI C.to Italiano"]
[Site "Cesenatico ITA"]
[Date "1986.06.??"]
[Round "9"]
[White "Sibilio, Mario"]
[Black "Tatai, Stefano"]
[Result "1-0"]
[WhiteElo "2305"]
[BlackElo "2405"]
[PlyCount "81"]
[EventDate "1986.06.15"]

1. d4 Nf6 2. Nc3 c5 3. d5 g6 4. e4 d6 5. f4 Bg7 6. e5 dxe5 7. fxe5 Nfd7 8. e6
fxe6 9. dxe6 Ne5 10. Qxd8+ Kxd8 11. Be3 Bxe6 12. O-O-O+ Nbd7 13. Bxc5 a6 14.
Kb1 Rc8 15. Bd4 Bf6 16. Nh3 Nc6 17. Bxf6 exf6 18. Nf4 Bg4 19. Rd2 Re8 20. Bc4
g5 21. h3 Nce5 22. Bd5 Bf5 23. Nh5 Bg6 24. Nxf6 Nxf6 25. Bxb7+ Ke7 26. Bxc8
Rxc8 27. Re1 Ke6 28. Rde2 Nfd7 29. Ne4 h6 30. b3 Rc6 31. Kb2 Bh7 32. Nf2 Kd6
33. Ng4 Rxc2+ 34. Rxc2 Nd3+ 35. Kc3 Nxe1 36. Re2 h5 37. Nh6 Nd3 38. Nf7+ Kc7
39. Nxg5 Bf5 40. Ne6+ Kc8 41. Ng7 1-0

[Event "XLVI C.to Italiano"]
[Site "Cesenatico ITA"]
[Date "1986.06.??"]
[Round "10"]
[White "Bellia, Fabrizio"]
[Black "Martorelli, Antonio"]
[Result "1/2-1/2"]
[WhiteElo "2230"]
[BlackElo "2305"]
[PlyCount "21"]
[EventDate "1986.06.15"]

1. e4 e5 2. Nf3 Nc6 3. Bc4 Nf6 4. d3 Bc5 5. O-O d6 6. c3 Bg4 7. Nbd2 Qe7 8. b4
Bb6 9. a4 a6 10. Bb3 h5 11. Nc4 1/2-1/2

[Event "XLVI C.to Italiano"]
[Site "Cesenatico ITA"]
[Date "1986.06.??"]
[Round "10"]
[White "Bellini, Fabio"]
[Black "Messa, Roberto"]
[Result "1-0"]
[WhiteElo "2380"]
[BlackElo "2410"]
[PlyCount "81"]
[EventDate "1986.06.15"]

1. e4 e6 2. d4 d5 3. Nc3 Bb4 4. exd5 exd5 5. Bd3 Nc6 6. a3 Be7 7. Bf4 Be6 8.
Nf3 g5 9. Be5 Nxe5 10. Nxe5 Nf6 11. Qd2 h6 12. O-O-O c6 13. Rde1 Qd6 14. f4
gxf4 15. Qxf4 Ng4 16. Qf3 Nxe5 17. Rxe5 O-O-O 18. Rhe1 Bg5+ 19. Kb1 Bd2 20.
R1e2 Bxc3 21. bxc3 Qxa3 22. Bf5 Rd6 23. Bxe6+ fxe6 24. Rxe6 Rxe6 25. Qf5 Rhe8
26. Rxe6 Rxe6 27. Qxe6+ Kc7 28. Qe3 b5 29. g4 Kb6 30. Qg3 Qf8 31. h4 a5 32. g5
hxg5 33. hxg5 a4 34. Kb2 Kb7 35. Qe3 Kc7 36. g6 Kd7 37. Qe5 Qe7 38. g7 Qf7 39.
Qg5 Qg8 40. Qf6 a3+ 41. Kxa3 1-0

[Event "XLVI C.to Italiano"]
[Site "Cesenatico ITA"]
[Date "1986.06.??"]
[Round "10"]
[White "Braga, Fernando Alberto"]
[Black "Sibilio, Mario"]
[Result "1/2-1/2"]
[WhiteElo "2470"]
[BlackElo "2305"]
[PlyCount "31"]
[EventDate "1986.06.15"]

1. e4 c5 2. Nf3 b6 3. d4 cxd4 4. Nxd4 Bb7 5. Nc3 a6 6. Bd3 e6 7. O-O Nc6 8.
Nxc6 dxc6 9. f4 Bb4 10. Qe2 Qc7 11. Kh1 Bxc3 12. bxc3 Nf6 13. c4 c5 14. Bb2
O-O-O 15. Rab1 Qc6 16. Rfe1 1/2-1/2

[Event "XLVI C.to Italiano"]
[Site "Cesenatico ITA"]
[Date "1986.06.??"]
[Round "10"]
[White "De Eccher, Stefano"]
[Black "Arlandi, Ennio"]
[Result "1/2-1/2"]
[WhiteElo "2325"]
[BlackElo "2360"]
[PlyCount "107"]
[EventDate "1986.06.15"]

1. f4 d5 2. b3 Nf6 3. e3 g6 4. Bb2 Bg7 5. Nf3 O-O 6. Be2 c5 7. O-O Nc6 8. h3 d4
9. Bc4 Nd5 10. Qe1 Ndb4 11. Na3 dxe3 12. Bxg7 exd2 13. Qxd2 Qxd2 14. Nxd2 Kxg7
15. c3 Rd8 16. Ne4 Nd5 17. Bxd5 Rxd5 18. Nb5 Rb8 19. c4 Rh5 20. Rad1 b6 21. Ng5
h6 22. Nf3 Rf5 23. Nh4 Rf6 24. Nc7 Kf8 25. g4 Rb7 26. Nd5 Rd6 27. f5 g5 28. Nf3
f6 29. Rfe1 Kf7 30. h4 e6 31. fxe6+ Bxe6 32. hxg5 hxg5 33. Rf1 Bxg4 34. Nxg5+
Kg7 35. Ne4 Re6 36. Rde1 Nd4 37. Kf2 f5 38. Ng3 Rh6 39. Rh1 Rxh1 40. Rxh1 Rb8
41. Ne3 Kg6 42. Nxg4 fxg4 43. Rh4 Rf8+ 44. Kg2 Kg5 45. Rh7 Kf4 46. Rxa7 Ke3 47.
Re7+ Kd3 48. Rb7 Ra8 49. Nh5 Rxa2+ 50. Kg3 Nxb3 51. Rxb6 Kxc4 52. Nf6 Ra4 53.
Nxg4 Rb4 54. Ne3+ 1/2-1/2

[Event "XLVI C.to Italiano"]
[Site "Cesenatico ITA"]
[Date "1986.06.??"]
[Round "10"]
[White "Sanna, Gianlazzaro"]
[Black "Lanzani, Mario"]
[Result "1/2-1/2"]
[WhiteElo "2380"]
[BlackElo "2250"]
[PlyCount "30"]
[EventDate "1986.06.15"]

1. d4 Nf6 2. c4 c5 3. d5 a6 4. a4 e5 5. Nc3 d6 6. e4 Be7 7. Nf3 O-O 8. Be2 Ne8
9. O-O g6 10. Ne1 Bg5 11. Nd3 Nd7 12. a5 Ng7 13. g3 Bxc1 14. Qxc1 f5 15. f4
exf4 1/2-1/2

[Event "XLVI C.to Italiano"]
[Site "Cesenatico ITA"]
[Date "1986.06.??"]
[Round "10"]
[White "Tatai, Stefano"]
[Black "Sarno, Spartaco"]
[Result "1/2-1/2"]
[WhiteElo "2405"]
[BlackElo "2400"]
[PlyCount "69"]
[EventDate "1986.06.15"]

1. e4 c6 2. d4 d5 3. Nd2 dxe4 4. Nxe4 Bf5 5. Ng3 Bg6 6. h4 h6 7. Nf3 Nd7 8. h5
Bh7 9. Bd3 Bxd3 10. Qxd3 e6 11. Bd2 Ngf6 12. O-O-O Qc7 13. c4 O-O-O 14. Ne4
Nxe4 15. Qxe4 Nf6 16. Qe2 c5 17. Bc3 cxd4 18. Bxd4 Bc5 19. Bxc5 Qxc5 20. Ne5
Qe7 21. Qe3 Qc7 22. f4 Kb8 23. Kb1 Rxd1+ 24. Rxd1 Rd8 25. Rxd8+ Qxd8 26. a3 Qe7
27. g4 Nd7 28. g5 f6 29. gxf6 Nxf6 30. f5 Qe8 31. Qg3 Nxh5 32. Qh2 Nf6 33. Nd7+
Kc8 34. Nxf6 gxf6 35. Qxh6 1/2-1/2

[Event "XLVI C.to Italiano"]
[Site "Cesenatico ITA"]
[Date "1986.06.??"]
[Round "11"]
[White "Lanzani, Mario"]
[Black "Tatai, Stefano"]
[Result "1/2-1/2"]
[WhiteElo "2250"]
[BlackElo "2405"]
[PlyCount "58"]
[EventDate "1986.06.15"]

1. e4 c5 2. Nf3 d6 3. d4 cxd4 4. Nxd4 Nf6 5. Nc3 a6 6. Bg5 e6 7. f4 b5 8. e5
dxe5 9. fxe5 Qc7 10. Qe2 Nfd7 11. O-O-O Bb7 12. Nxe6 fxe6 13. Qg4 Nc5 14. b4
Be7 15. Bxe7 Qxe7 16. bxc5 Nd7 17. c6 Bxc6 18. Rd6 Nf6 19. Qd4 Bd5 20. Qb6 O-O
21. exf6 Qxf6 22. Rxd5 Qxc3 23. Qxe6+ Kh8 24. Rd1 Rf2 25. Be2 Rc8 26. Qe4 Qa1+
27. Kd2 Qc3+ 28. Kc1 Qa1+ 29. Kd2 Qc3+ 1/2-1/2

[Event "XLVI C.to Italiano"]
[Site "Cesenatico ITA"]
[Date "1986.06.??"]
[Round "11"]
[White "Messa, Roberto"]
[Black "Belotti, Bruno"]
[Result "1/2-1/2"]
[WhiteElo "2410"]
[BlackElo "2355"]
[PlyCount "108"]
[EventDate "1986.06.15"]

1. e4 e5 2. Nf3 Nc6 3. Bb5 a6 4. Ba4 Nf6 5. O-O Be7 6. d3 b5 7. Bb3 d6 8. a4
Bb7 9. axb5 axb5 10. Rxa8 Bxa8 11. Bg5 O-O 12. Nc3 b4 13. Bxf6 Bxf6 14. Nd5 Na5
15. Ba2 Bxd5 16. Bxd5 c6 17. Ba2 Qb6 18. Nd2 Qd4 19. Qb1 Bd8 20. Nb3 Nxb3 21.
Bxb3 g6 22. Qa2 Bb6 23. Qa6 Rb8 24. Qa4 Qc5 25. Ba2 Kg7 26. Qb3 Rf8 27. g3 Kh6
28. g4 Kg5 29. h3 h5 30. gxh5 Kxh5 31. Kg2 Kh6 32. Kg3 f5 33. exf5 Qd4 34. Qc4
Rxf5 35. c3 Qxc4 36. Bxc4 d5 37. Bb3 bxc3 38. bxc3 e4 39. dxe4 dxe4 40. Bc2
Rf3+ 41. Kg2 Rf4 42. Kg3 g5 43. h4 Rxh4 44. Re1 Bxf2+ 45. Kxf2 Rh2+ 46. Ke3
Rxc2 47. Kd4 g4 48. Rxe4 g3 49. Rg4 g2 50. Kd3 Kh5 51. Rg8 Ra2 52. Ke4 Kh4 53.
Kf3 Rc2 54. Rxg2 Rxg2 1/2-1/2

[Event "XLVI C.to Italiano"]
[Site "Cesenatico ITA"]
[Date "1986.06.??"]
[Round "11"]
[White "Sarno, Spartaco"]
[Black "Braga, Fernando Alberto"]
[Result "0-1"]
[WhiteElo "2400"]
[BlackElo "2470"]
[PlyCount "80"]
[EventDate "1986.06.15"]

1. d4 d5 2. c4 e6 3. Nc3 c6 4. Nf3 Nf6 5. Bg5 dxc4 6. e4 b5 7. e5 h6 8. Bh4 g5
9. Nxg5 Nd5 10. Nxf7 Qxh4 11. Nxh8 Bb4 12. Qd2 c5 13. dxc5 Nc6 14. O-O-O Bb7
15. Ng6 Qg5 16. Qxg5 hxg5 17. Nxd5 exd5 18. f4 Bxc5 19. f5 Be3+ 20. Kb1 d4 21.
Be2 Ne7 22. Nxe7 Be4+ 23. Ka1 Kxe7 24. Bg4 b4 25. Rdf1 c3 26. f6+ Kf7 27. e6+
Kg6 28. f7 Bf4 29. Bh5+ Kf6 30. e7 Kxe7 31. Rxf4 gxf4 32. Re1 c2 33. b3 Rh8 34.
Rxe4+ Kf6 35. Rxf4+ Kg5 36. Rf1 d3 37. Rc1 Kxh5 38. Kb2 Kg6 39. f8=Q Rxf8 40.
Rg1 Rf2 0-1